000
00302nam a2200133 a 4500
001
5662
003
CDMR
005
20130116135311.0
008
130130s2002||||||||||||||||||||||||||||d
040
_a
CDMR
_b
cat
_c
CDMR
245
0
_a
Who's who in Spain 2002
260
_a
Zürich
_c
2002
_b
Verlag AG
942
_c
MON
999
_c
5662
_d
5662